000 02211cad a22002415a 4500
001 E147582
008 090527s2009 xxk f s000 0 eng d
020 _a9780755990177
035 _a(Sirsi) u147582
041 0 _aeng
050 0 4 _a333.72 $2 18
110 2 _aScotland
_bScottish Government
_95344
245 0 0 _aScottish Government carbon management programme
_bcarbon management plan (CMP)
_h[electronic resource]
260 _aEdinburgh
_bScottish Government
_c2009
505 2 _aForeword from Sir John Elvidge -- Foreword from the Carbon Trust -- Executive summary -- Introduction -- Carbon management strategy: context and drivers for carbon management; our low carbon vision; strategic themes; targets and objectives -- Emissions baseline and projections: scope; baseline; projections and value at stake -- Carbon management projects: projects identified and quantified; projected achievement towards target -- Carbon management plan financing: assumptions -- Actions to embed carbon management in your organisation: corporate strategy, embedding CO2 saving across your organisation; data management, measuring the difference, measuring the benefit; policy alignment, saving CO2 across your operations; responsibility, being clear that CO2 is everyone's job -- Programme Management of the CM Programme: the programme board, strategic ownership and oversight; the carbon management team, delivering the projects; ongoing stakeholder management; annual progress review -- Appendix A: carbon management matrix, embedding -- Appendix B: definition of projects
520 _aOutlines the methods by which the Scottish Government will meet their target of an 80% reduction in emissions by 2050. Short term goals to meet this aim are a 30% reduction in CO2 emissions by 2020, for which a 15% reduction in overall emissions from energy use, business travel and waste production is required by 2014.
521 _aAdvanced
590 _aKA
651 4 _aScotland
_y1999-
690 _aENVIRONMENTAL AND LAND CONSULTANCY-ENERGY-ENERGY USE-ENERGY EFFICIENCY
856 4 0 _uhttps://www.scotland.gov.uk/Publications/2009/05/26125414/0
_zView the report free of charge at www.scotland.gov.uk...
942 _n0
999 _c109634
_d109634